[Event "NED-ch U13"]
[Site "Rijswijk"]
[Date "2008.05.02"]
[Round "4"]
[White "Bijstra, Melle"]
[Black "Shikman, Sasha"]
[Result "1-0"]
[WhiteElo "1149"]
[BlackElo "1146"]
[PlyCount "129"]
[EventDate "2008.05.01"]
[EventType "swiss"]
[EventRounds "9"]
[EventCountry "NED"]
[SourceTitle "EXT 2010"]
[Source "ChessBase"]
[SourceDate "2010.11.25"]
[SourceVersion "1"]
[SourceVersionDate "2010.11.25"]
[SourceQuality "1"]

1. e4 c5 2. Nf3 Nc6 3. d4 cxd4 4. Nxd4 d6 5. Nc3 g6 6. Bb5 Bd7 7. Bf4 Bg7 8. Bxc6 Bxc6 9. Qd3 Nf6 10. Bg5 0-0 11. Nxc6 bxc6 12. 0-0-0 Qa5 13. Kb1 Qxg5 14. g3 Qc5 15. f4 Ng4 16. Qf3 Nf2 17. Na4 Qb4 18. Qxf2 Qxa4 19. h4 Qb5 20. c3 Rab8 21. g4 Bxc3 22. b3 Qb4 23. Qe3 c5 24. Rd3 Bd4 25. Qc1 a5 26. a3 Qb5 27. Qc2 a4 28. Rhh3 axb3 29. Rxb3 Qf1+ 30. Qc1 Rxb3+ 31. Rxb3 Qxc1+ 32. Kxc1 Bf2 33. h5 Bd4 34. h6 c4 35. Rb4 Rc8 36. a4 Be3+ 37. Kc2 Bxf4 38. a5 Kf8 39. a6 Be3 40. Ra4 Rc7 41. Rb4 Rc8 42. Rb7 Ke8 43. a7 Ra8 44. Rb8+ Rxb8 45. axb8Q+ Kd7 46. Qb5+ Kd8 47. Qxc4 Bc5 48. Qxf7 e5 49. Qxh7 d5 50. Qf7 Kc8 51. Qxd5 Bb6 52. Qc6+ Bc7 53. h7 Kd8 54. h8R+ Ke7 55. Qxc7+ Kf6 56. Rf8+ Kg5 57. Qc6 Kh6 58. Rg8 Kg5 59. Qxg6+ Kf4 60. Qg5+ Kg3 61. Qe3+ Kg2 62. Rf8 Kh1 63. Rf1+ Kh2 64. Rf2+ Kg1 65. Qe1# 1-0

[Event "NED-ch U13"]
[Site "Rijswijk"]
[Date "2008.05.01"]
[Round "2"]
[White "Bijstra, Melle"]
[Black "Bakker, Jouke"]
[Result "0-1"]
[WhiteElo "1149"]
[BlackElo "1372"]
[PlyCount "62"]
[EventDate "2008.05.01"]
[EventType "swiss"]
[EventRounds "9"]
[EventCountry "NED"]
[SourceTitle "EXT 2010"]
[Source "ChessBase"]
[SourceDate "2010.11.25"]
[SourceVersion "1"]
[SourceVersionDate "2010.11.25"]
[SourceQuality "1"]

1. e4 Nf6 2. e5 Nd5 3. c4 Nb6 4. d4 d6 5. Nf3 Bg4 6. Bf4 Nc6 7. d5 Nxe5 8. Be2 Nxf3+ 9. gxf3 Bf5 10. Nc3 e6 11. Bd3 Bxd3 12. Qxd3 e5 13. Be3 Qf6 14. Bxb6 axb6 15. Nb5 Kd7 16. Qe4 Qg6 17. a3 Qxe4+ 18. fxe4 c6 19. Nc3 Kc7 20. Rf1 Be7 21. f4 Bh4+ 22. Ke2 exf4 23. Rxf4 Bf6 24. Kd3 Rhf8 25. b4 Be5 26. Rh4 h6 27. b5 c5 28. Ne2 Bxa1 29. Nf4 g5 30. Rxh6 Rxa3+ 31. Kc2 gxf4 0-1